Βιολογικό, κοινωνικό και ψυχολογικό φύλο : οι αντιλήψεις για την αρρενωπότητα και την θηλυκότητα από φοιτητές που προέρχονται από διαφορετικά κοινωνικά και πολιτιστικά περιβάλλοντα : πτυχιακή εργασία

Αποθηκεύτηκε σε:
Λεπτομέρειες βιβλιογραφικής εγγραφής
Κύριος συγγραφέας: Τράκα, Μαρία
Συγγραφή απο Οργανισμό/Αρχή: Πανεπιστήμιο Αιγαίου Σχολή Κοινωνικών Επιστημών Τμήμα Κοινωνιολογίας
Άλλοι συγγραφείς: Παπάνης, Ευστράτιος Π., 1969- (Εισηγητής διατριβής)
Μορφή: Thesis Βιβλίο
Γλώσσα:Greek
Δημοσίευση: 2010
Θέματα:
Διαθέσιμο Online:http://hdl.handle.net/11610/7703
Ετικέτες: Προσθήκη ετικέτας
Δεν υπάρχουν, Καταχωρήστε ετικέτα πρώτοι!

MARC

LEADER 00000cam a2200000 i 4500
001 1/19565
008 120515s2010 gre d
035 |l 10112478 
040 |a GR-MY-UA  |b gre  |e aacr 
041 0 |a gre 
082 0 |a 155  |2 (22) 
100 1 |a Τράκα, Μαρία. 
245 1 0 |a Βιολογικό, κοινωνικό και ψυχολογικό φύλο :  |b οι αντιλήψεις για την αρρενωπότητα και την θηλυκότητα από φοιτητές που προέρχονται από διαφορετικά κοινωνικά και πολιτιστικά περιβάλλοντα : πτυχιακή εργασία /  |c επιμέλεια εργασίας: Τράκα Μαρία ; επιβλέπων καθηγητής: Παπάνης Ευστράτιος 
260 |c 2010 
300 |a 108 σ.;  |b πιν., σχ.;  |c 30 εκ. 
500 |a Βιβλιογραφία: σ. 94-103 
502 |a Πτυχιακή εργασία – Πανεπιστήμιο Αιγαίου, Λέσβος, 2010. 
650 0 0 |a Youth  |x Attitudes. 
650 0 0 |a Students  |x Attitudes  |x Case studies. 
650 0 0 |a Gender identity  |z Greece. 
650 0 0 |a Gender identity  |z Cyprus. 
650 0 0 |a Sex role  |z Greece. 
650 0 0 |a Sex role  |z Cyprus. 
650 0 0 |a Stereotypes (Social psychology) 
650 0 0 |a Dissertations, Academic  |z Greece. 
700 1 |4 ths  |a Παπάνης, Ευστράτιος Π.,   |d 1969- 
710 2 |a Πανεπιστήμιο Αιγαίου  |b Σχολή Κοινωνικών Επιστημών  |b Τμήμα Κοινωνιολογίας. 
852 |a INST  |b LESVOS  |c DIATR  |e 20120515  |h 415  |p 005100050366  |q 005100050366  |t DIE  |y 23 
852 |a INST  |b LESVOS  |c DIATR  |e 20120515  |h 416  |p 005100050365  |q 005100050365  |t DIE  |y 23 
856 |u http://hdl.handle.net/11610/7703 
901 |a BIBL1-2012-2 
909 |a Λ  |b 173669 
909 |a Λ  |b 173668 
924 |a ΤΡΑΚΑ  |b ΜΑΡΙΑ  |y ΛΕΣΒΟΣ  |z 2010-11 
970 |a ΤΖΑΦΕΡΗ  |b ΕΥΑΓΓΕΛΙΑ  |z 2012/05/15